| 000 | 00808nas a2200277 4500 | ||
|---|---|---|---|
| 001 | BR0000105 | ||
| 003 | BR-BrBNA | ||
| 005 | 20231205101619.0 | ||
| 007 | ta | ||
| 008 | 230509b bl.|||p| |||| 00| 00por d | ||
| 040 |
_aBR-BrBNA _bpor _cBiblioteca Nacional de Agricultura |
||
| 041 | _a(Pt) | ||
| 072 | _aF30 | ||
| 100 | 1 | _aFallieri, J. | |
| 100 | 1 | _aPenna, J.C.V. | |
| 100 | 1 | _aFaria, M.A.V.R. | |
| 100 | 1 | _aGoncalves, N.P. | |
| 245 | 1 | _aNovas cultivares de algodoeiro para Minas Gerais | |
| 650 | _aAlgodao | ||
| 650 | _aVariedade | ||
| 650 | _aCaracteristicas Agronomicas | ||
| 650 | _aMinas Gerais | ||
| 773 | 0 |
_tPesquisa Agropecuaria Brasileira (Brazil) _xISSN 0100-204X _g(Aug 1999), v. 34(8) p. 1505-1509 _wBR0000105 |
|
| 909 |
_a202311 _bLúcia _c55 _dLúcia Elande |
||
| 942 |
_2AGRIS _n0 _cANA |
||
| 999 |
_c162846 _d162846 |
||